000 00998nam a2200253 a 4500
001 78920
003 BD-RjUL
005 20221023111130.0
008 221023s1955 pk 000 0 urd d
035 _a(BD-RjUL)79147
040 _aUkOxU
_cUkOxU
_beng
041 _aara
041 _aurd
082 _223
_a297.12553
_bNAS 1955
100 1 _aنسائي، أحمد بن شعيب.;; Nasāʼī, Aḥmad ibn Shuʿayb,
_d830 or 831-915.
_9250754
245 1 0 _aسنن النسائي ;; Sunan al-Nasāʼī /
_cللإمام الحافظ أبي عبد الرحمن أحمد بن شعيب بن علي بن سنان بن دينار النسائي.;; lil-Imām al-Ḥāfiẓ Abī ʿAbd al-Raḥmān Aḥmad ibn Shuʿayb ibn ʿAlī ibn Sinān ibn Dīnār al-Nasāʼī.
250 _a1st.ed.
260 _aKarachi ::
_bQuan Mahal,
_c1955
300 _av. ;
_c25 cm.
505 _aVol. 3.--
650 0 _aHadith
_vTexts
_vEarly works to 1800.
_9250755
942 _2ddc
_cBK
999 _c80591
_d80591